Noms de rue les plus courants - Statistiques

Statistiques générales
  • Ce quiz a été pris 896 fois
  • Le résultat moyen est 4 sur 15
Statistiques - réponses
Occurence du nom Nom de rue % Correct
7 965 Rue de l'Eglise
55%
2 672 Rue de la mairie
51%
5 755 Place de l'Eglise
46%
1 621 Rue Victor Hugo
46%
3 430 Place de la mairie
45%
3 943 Grande rue
42%
2 771 Rue de la gare
29%
2 779 Rue des écoles
25%
2 452 Rue principale
21%
2 020 Rue Pasteur
20%
3 566 Rue du moulin
19%
2 963 Rue du château
14%
2 421 Rue du stade
12%
2 346 Rue de la fontaine
11%
1 755 Rue des jardins
7%
Aucun quiz correspondant
Distribution des résultats
% des personnes avec chaque résultat
Percentile par nombre de réponses
Votre historique - résultats
Vous n’avez pas pris ce quiz